Villes de plus d'un million d'habitants - Mort subite - Statistiques

Statistiques générales
  • Ce quiz a été pris 953 fois
  • Le résultat moyen est 5 sur 18
Answers on the Grid
Answers color-coded by a green-red scale on the quiz's grid according to % correct below.
Paris
Alger
Singapour
Lisbonne
Marrakech
Quito
Chicago
Genève
Berlin
Tel-Aviv
Buenos Aires
San Francisco
Le Cap
Rome
Valparaíso
Damas
Anvers
Vancouver
Montevideo
Atlanta
Kyoto
Bangkok
Le Caire
Hong Kong
La Paz
Canberra
Montréal
Sydney
Tunis
Mexico
 
Statistiques - réponses
Réponse % Correct
Paris
97%
Singapour
58%
Alger
39%
Chicago
38%
Berlin
37%
Buenos Aires
29%
Mexico
29%
Hong Kong
24%
Le Caire
23%
Rome
23%
Bangkok
22%
Sydney
19%
Kyoto
15%
Montréal
12%
Le Cap
11%
Quito
10%
Damas
5%
Montevideo
3%
Aucun quiz correspondant
Distribution des résultats
% des personnes avec chaque résultat
Percentile par nombre de réponses
Votre historique - résultats
Vous n’avez pas pris ce quiz